CPE practice tests : Four new tests for the revised cambridge certificate of proficiency in English

Na minha lista:
Detalhes bibliográficos
Autor principal: Harrison, Mark
Formato: Livro
Idioma:Undetermined
Publicado em: Oxford Oxford University Press 2001
Assuntos:
Tags: Adicionar Tag
Sem tags, seja o primeiro a adicionar uma tag!
Thư viện lưu trữ: Trung tâm Học liệu Trường Đại học Cần Thơ
LEADER 00608nam a2200205Ia 4500
001 CTU_94044
008 210402s9999 xx 000 0 und d
020 |c 148000 
082 |a 428.24 
082 |b H313 
100 |a Harrison, Mark 
245 0 |a CPE practice tests : 
245 0 |b Four new tests for the revised cambridge certificate of proficiency in English 
245 0 |c Mark Harrison 
260 |a Oxford 
260 |b Oxford University Press 
260 |c 2001 
650 |a Test of english as a foreign language 
904 |i Tuyến 
980 |a Trung tâm Học liệu Trường Đại học Cần Thơ